01010 a2200181 45000010006000000050017000060080041000230030015000640400040000790800117001192450045002362640051002813000019003325050355003510410008007061000019007148560095007335409720260407155811.0260407a1959 arg spa dAR-UNSa-BCEJYS aAR-UNSa-BCEJYSbspacAR-UNSa-BCEJYS a338.2xPolítica económica. Control de la economía. Gestión de la economía. Planificación económica10aLa economía política del crecimiento 1aMéxico :bFondo de Cultura Económicac1959 a347 p.c21 cm. a1. Panorama general – 2. El concepto de excedente económico – 3. Estancamiento y desarrollo del capitalismo monopolista (I) – 4. Estancamiento y desarrollo del capitalismo monopolista (II) – 5. Las raíces del atraso – 6. Hacia una morfología del atraso (I) – 7. Hacia la morfología del atraso (II) – 8. El ascenso a la cumbre.  aspa1 aBaran, Paul A.41uhttps://biblioeco.unsa.edu.ar/pmb/images/libros/L127645.jpgyImagen de portadaqimage/jpeg